Vaani Aur Viyakhiaya Guru Ravi Das Ji (वाणी और वयाख्या गुरु रवि दास जी) (Record no. 10124)
[ view plain ]
| 000 -LEADER | |
|---|---|
| fixed length control field | 00511nam a22001577a 4500 |
| 003 - CONTROL NUMBER IDENTIFIER | |
| control field | OSt |
| 005 - DATE AND TIME OF LATEST TRANSACTION | |
| control field | 20240419155259.0 |
| 008 - FIXED-LENGTH DATA ELEMENTS--GENERAL INFORMATION | |
| fixed length control field | 240419b |||||||| |||| 00| 0 eng d |
| 040 ## - CATALOGING SOURCE | |
| Transcribing agency | MRSPTU |
| 100 ## - MAIN ENTRY--PERSONAL NAME | |
| Personal name | Raju. Karam Singh (राजू, करम सिंह) |
| 245 ## - TITLE STATEMENT | |
| Title | Vaani Aur Viyakhiaya Guru Ravi Das Ji (वाणी और वयाख्या गुरु रवि दास जी) |
| 250 ## - EDITION STATEMENT | |
| Edition statement | 1st |
| 260 ## - PUBLICATION, DISTRIBUTION, ETC. | |
| Place of publication, distribution, etc. | Punjab |
| Name of publisher, distributor, etc. | Govt of Punjab Publication |
| Date of publication, distribution, etc. | 2005 |
| 300 ## - PHYSICAL DESCRIPTION | |
| Extent | 134 |
| 942 ## - ADDED ENTRY ELEMENTS (KOHA) | |
| Source of classification or shelving scheme | Dewey Decimal Classification |
| Koha item type | Book |
| Suppress in OPAC | No |
| Withdrawn status | Lost status | Source of classification or shelving scheme | Damaged status | Not for loan | Collection | Home library | Current library | Date acquired | Total checkouts | Barcode | Date last seen | Price effective from | Koha item type |
|---|---|---|---|---|---|---|---|---|---|---|---|---|---|
| Dewey Decimal Classification | BK | MRSPTU Central Library | MRSPTU Central Library | 04/19/2024 | G-328 | 04/19/2024 | 04/19/2024 | Book |
